[Event "Gorodets Small Kitezh op"]
[Site "Gorodets"]
[Date "2015.07.31"]
[Round "4"]
[White "Golovanov, Vjacheslav"]
[Black "Dmitrievsky, Alexander"]
[Result "1-0"]
[WhiteElo "1779"]
[BlackElo "1895"]
[PlyCount "177"]
[EventDate "2015.07.29"]
[EventType "swiss"]
[EventRounds "9"]
[EventCountry "RUS"]
[SourceTitle "CBM 167 Extra"]
[Source "ChessBase"]
[SourceDate "2015.09.14"]
[SourceVersion "1"]
[SourceVersionDate "2015.09.14"]
[SourceQuality "1"]

1. d4 Nf6 2. c4 g6 3. Nc3 Bg7 4. e4 0-0 5. Be2 d6 6. Nf3 Nbd7 7. 0-0 e5 8. dxe5 dxe5 9. Qc2 c6 10. h3 Qc7 11. Be3 b6 12. Rad1 Nh5 13. g3 Rb8 14. Qd2 Nhf6 15. Nh2 Nc5 16. Bxc5 bxc5 17. Kg2 Be6 18. b3 Rbd8 19. Qe3 Rd4 20. Nf3 Nh5 21. Na4 Qc8 22. Rh1 f5 23. exf5 Rxd1 24. Bxd1 Bxf5 25. Qxc5 Rd8 26. Be2 e4 27. Ne5 e3 28. Qxe3 Re8 29. f4 Nf6 30. Bf3 Nd7 31. Qxa7 Nxe5 32. fxe5 Rxe5 33. Qf2 Bh6 34. g4 Bd7 35. Re1 Qe8 36. Rxe5 Qxe5 37. Qe2 Be3 38. Nb2 Qc5 39. Nd3 Qa7 40. Ne5 Bg5 41. Nxc6 Qc7 42. Bd5+ Kf8 43. Qf3+ Bf4 44. Nd4 g5 45. Ne6+ Bxe6 46. Bxe6 Qe5 47. Bd5 Qb2+ 48. Qf2 Qa3 49. Qe2 Qa5 50. Qc2 Qa7 51. c5 Qe7 52. b4 Qe3 53. Qf2 Qd3 54. Bb3 Qc3 55. b5 Ke7 56. Qe2+ Kd8 57. Qf2 Ke7 58. c6 Kd6 59. Bd1 h6 60. Bf3 Qc4 61. b6 Qc3 62. Qe2 Be3 63. Qd1+ Kc5 64. b7 Bf4 65. Qd5+ Kb6 66. Qb3+ Qxb3 67. axb3 Kc5 68. Kf2 Kd4 69. Ke2 Be5 70. Kd2 Bf4+ 71. Kc2 Be5 72. Be2 Ke3 73. Bd3 Kd4 74. b4 Bd6 75. b5 Kc5 76. Be2 Kb6 77. Kc3 Kc5 78. Bf3 Kxb5 79. Kd4 Kb6 80. Kd5 Kc7 81. Ke6 Bf4 82. Kf6 Kd8 83. Kg7 Ke7 84. Kxh6 Kf6 85. Kh5 Kf7 86. h4 gxh4 87. Kxh4 Kg7 88. g5 Bc7 89. Kg4 1-0

[Event "Gorodets Small Kitezh op"]
[Site "Gorodets"]
[Date "2015.07.30"]
[Round "2"]
[White "Golovanov, Vjacheslav"]
[Black "Leukhin, Mikhail"]
[Result "0-1"]
[WhiteElo "1779"]
[BlackElo "1924"]
[PlyCount "60"]
[EventDate "2015.07.29"]
[EventType "swiss"]
[EventRounds "9"]
[EventCountry "RUS"]
[SourceTitle "CBM 167 Extra"]
[Source "ChessBase"]
[SourceDate "2015.09.14"]
[SourceVersion "1"]
[SourceVersionDate "2015.09.14"]
[SourceQuality "1"]

1. d4 d5 2. c4 c6 3. e3 Nf6 4. Nc3 g6 5. Nf3 Bg7 6. Be2 0-0 7. 0-0 dxc4 8. Bxc4 b5 9. Bd3 Bg4 10. h3 Be6 11. Qc2 Na6 12. a3 Qc8 13. Qe2 Nc7 14. e4 a5 15. Be3 Nh5 16. e5 b4 17. Na4 Nd5 18. Qd2 Bxh3 19. gxh3 Qxh3 20. Nh2 f5 21. f3 Nhf4 22. Bc4 Kh8 23. Bxd5 Nxd5 24. Rae1 f4 25. Bf2 Rf5 26. Kh1 Rh5 27. Bg1 Ne3 28. Bxe3 fxe3 29. Qg2 Qh4 30. Qg4 Qxh2# 0-1

[Event "Nizhnij Novgorod Dubinin Memorial 22nd"]
[Site "Nizhnij Novgorod"]
[Date "2015.??.??"]
[Round "6"]
[White "Golovanov, Vjacheslav"]
[Black "Bodyagin, Anton"]
[Result "0-1"]
[WhiteElo "1778"]
[BlackElo "1942"]
[PlyCount "98"]
[EventDate "2015.01.03"]
[EventType "swiss"]
[EventRounds "9"]
[EventCountry "RUS"]
[SourceTitle "CBM 164 Extra"]
[Source "ChessBase"]
[SourceDate "2015.03.02"]
[SourceVersion "1"]
[SourceVersionDate "2015.03.02"]
[SourceQuality "1"]

1. d4 Nf6 2. c4 e6 3. Nc3 d5 4. e3 Be7 5. Nf3 0-0 6. Bd3 a6 7. a3 dxc4 8. Bxc4 b5 9. Bd3 c5 10. dxc5 Bxc5 11. b4 Be7 12. 0-0 Bb7 13. Bb2 Nbd7 14. Rc1 Rc8 15. Qe2 Bxf3 16. gxf3 Ne5 17. Rfd1 Nxd3 18. Rxd3 Qb6 19. Rcd1 Rfd8 20. Rxd8+ Rxd8 21. Rd3 Kf8 22. Qd2 Rxd3 23. Qxd3 Qd6 24. Qc2 Qc6 25. Qd1 Qc4 26. Ne2 Qd5 27. Qxd5 Nxd5 28. Nd4 Bf6 29. Kf1 Nb6 30. Ke2 Nc4 31. Bc1 Bxd4 32. exd4 Ke7 33. Kd3 Kd6 34. f4 Kd5 35. f3 Nd6 36. Be3 Kc6 37. Kc3 Kd7 38. Kd3 Ke7 39. Bc1 Kf6 40. Bd2 Nc4 41. Bc1 Kf5 42. a4 Nb6 43. a5 Nd5 44. Bd2 h5 45. h4 f6 46. Ke2 Nxf4+ 47. Bxf4 Kxf4 48. Kd3 g5 49. hxg5 fxg5 0-1

[Event "Nizhnij Novgorod Dubinin Memorial 22nd"]
[Site "Nizhnij Novgorod"]
[Date "2015.??.??"]
[Round "2"]
[White "Golovanov, Vjacheslav"]
[Black "Rostokin, Dmitry"]
[Result "1/2-1/2"]
[WhiteElo "1778"]
[BlackElo "1979"]
[PlyCount "50"]
[EventDate "2015.01.03"]
[EventType "swiss"]
[EventRounds "9"]
[EventCountry "RUS"]
[SourceTitle "CBM 164 Extra"]
[Source "ChessBase"]
[SourceDate "2015.03.02"]
[SourceVersion "1"]
[SourceVersionDate "2015.03.02"]
[SourceQuality "1"]

1. d4 d5 2. e3 Nf6 3. c4 c6 4. Nc3 e6 5. Nf3 Bb4 6. Bd2 0-0 7. Be2 Nbd7 8. cxd5 exd5 9. 0-0 Re8 10. Qc2 Nf8 11. a3 Bd6 12. h3 Ne4 13. Nxe4 dxe4 14. Nh2 Qh4 15. f4 Qg3 16. Bg4 f5 17. Qc3 Qh4 18. Be2 Be6 19. Bc4 Qe7 20. b4 Qf7 21. Bxe6 Nxe6 22. Rf2 Nc7 23. Rc1 Nd5 24. Qb3 a6 25. Kh1 h5 1/2-1/2

[Event "Nizhnij Novgorod Dubinin Memorial 22nd"]
[Site "Nizhnij Novgorod"]
[Date "2015.??.??"]
[Round "1"]
[White "Petukhov, Vladimir"]
[Black "Golovanov, Vjacheslav"]
[Result "0-1"]
[WhiteElo "1752"]
[BlackElo "1778"]
[PlyCount "84"]
[EventDate "2015.01.03"]
[EventType "swiss"]
[EventRounds "9"]
[EventCountry "RUS"]
[SourceTitle "CBM 164 Extra"]
[Source "ChessBase"]
[SourceDate "2015.03.02"]
[SourceVersion "1"]
[SourceVersionDate "2015.03.02"]
[SourceQuality "1"]

1. Nf3 d5 2. c4 d4 3. e3 c5 4. b4 dxe3 5. fxe3 cxb4 6. d4 e6 7. Bd3 Nc6 8. 0-0 g6 9. Bb2 Bg7 10. Nbd2 Nge7 11. Qc2 0-0 12. Rf2 b6 13. Raf1 Nf5 14. Bxf5 gxf5 15. Ne5 Nxe5 16. dxe5 Qc7 17. e4 Bxe5 18. Bxe5 Qxe5 19. exf5 exf5 20. Nf3 Qc5 21. Qc1 f6 22. Qf4 Be6 23. Nh4 Qxc4 24. Qh6 Rad8 25. Ng6 Rf7 26. Nf4 Bc8 27. Nh5 Qh4 28. Rf3 Kh8 29. Rg3 Qd4+ 30. Kh1 Rg8 31. Rxg8+ Kxg8 32. Ng3 Be6 33. h3 Rg7 34. Nh5 Rg6 35. Qc1 Qd7 36. Rd1 Qb7 37. Rd8+ Kf7 38. Nf4 Rg3 39. Kh2 Rc3 40. Qd1 Qc7 41. g3 Rc2+ 42. Ng2 Qc6 0-1

[Event "Nizhnij Novgorod Region-ch"]
[Site "Nizhnij Novgorod"]
[Date "2013.10.19"]
[Round "6"]
[White "Golovanov, Vjacheslav"]
[Black "Vardanyan, Tigran"]
[Result "1-0"]
[WhiteElo "1843"]
[BlackElo "1679"]
[PlyCount "69"]
[EventDate "2013.10.19"]
[EventType "swiss"]
[EventRounds "9"]
[EventCountry "RUS"]
[SourceTitle "EXT 2022"]
[Source "ChessBase"]
[SourceDate "2021.10.06"]
[SourceVersion "1"]
[SourceVersionDate "2021.10.06"]
[SourceQuality "1"]

1. d4 d5 2. c4 c6 3. e3 Nf6 4. Nc3 g6 5. Nf3 Bg7 6. cxd5 cxd5 7. Bd3 0-0 8. 0-0 Nc6 9. h3 Re8 10. Bb5 Bf5 11. Ne5 Qd6 12. a3 Ne4 13. Nxc6 bxc6 14. Nxe4 Bxe4 15. Ba4 e5 16. b4 a6 17. Bb2 a5 18. Rc1 Rec8 19. dxe5 Bxe5 20. Bxe5 Qxe5 21. Bxc6 Ra7 22. b5 Rac7 23. Qd2 Qf6 24. Rcd1 Rd8 25. Qd4 Qg5 26. f3 Bf5 27. f4 Qe7 28. Rf2 Bd7 29. Qxd5 Qxe3 30. Qe5 Qb3 31. Rfd2 Re8 32. Qxc7 Qe3+ 33. Kh2 Bxh3 34. Bxe8 Qxf4+ 35. Qxf4 1-0

[Event "Nizhnij Novgorod Region-ch"]
[Site "Nizhnij Novgorod"]
[Date "2013.10.19"]
[Round "7"]
[White "Kriukov, Andrey"]
[Black "Golovanov, Vjacheslav"]
[Result "1/2-1/2"]
[WhiteElo "1748"]
[BlackElo "1843"]
[PlyCount "88"]
[EventDate "2013.10.19"]
[EventType "swiss"]
[EventRounds "9"]
[EventCountry "RUS"]
[SourceTitle "EXT 2022"]
[Source "ChessBase"]
[SourceDate "2021.10.06"]
[SourceVersion "1"]
[SourceVersionDate "2021.10.06"]
[SourceQuality "1"]

1. e4 e5 2. Nf3 Nc6 3. d4 exd4 4. Nxd4 Bc5 5. Be3 Qf6 6. c3 Nge7 7. Be2 0-0 8. 0-0 d5 9. f3 dxe4 10. fxe4 Qg6 11. Nd2 Ne5 12. b4 Bb6 13. Bh5 Qd6 14. Kh1 c6 15. N2f3 g6 16. Nxe5 Qxe5 17. Bf3 Rd8 18. Qb3 Kg7 19. g3 Ng8 20. Rf2 Nf6 21. Bf4 Qe7 22. Bg5 h6 23. Bxf6+ Qxf6 24. Raf1 Rf8 25. Be2 Qe7 26. Bc4 Qxe4+ 27. Kg1 f5 28. Re2 Bxd4+ 29. cxd4 Qxd4+ 30. Kh1 b5 31. Bd3 Rf7 32. h4 a6 33. Kh2 Bd7 34. Rf4 Qf6 35. a4 Re7 36. Rxe7+ Qxe7 37. Qc3+ Qf6 38. Rd4 Be8 39. Qc5 Rd8 40. Rxd8 Qxd8 41. Bf1 Qc7 42. axb5 axb5 43. Bxb5 Qd7 44. Qe5+ Kh7 1/2-1/2

[Event "Nizhnij Novgorod Region-ch"]
[Site "Nizhnij Novgorod"]
[Date "2013.10.19"]
[Round "9"]
[White "Tarasov, Valery"]
[Black "Golovanov, Vjacheslav"]
[Result "1-0"]
[WhiteElo "1950"]
[BlackElo "1843"]
[PlyCount "55"]
[EventDate "2013.10.19"]
[EventType "swiss"]
[EventRounds "9"]
[EventCountry "RUS"]
[SourceTitle "EXT 2022"]
[Source "ChessBase"]
[SourceDate "2021.10.06"]
[SourceVersion "1"]
[SourceVersionDate "2021.10.06"]
[SourceQuality "1"]

1. Nf3 d5 2. d3 Nf6 3. Nbd2 e6 4. g3 b6 5. Bg2 Bb7 6. 0-0 Nbd7 7. Re1 Be7 8. e4 dxe4 9. dxe4 0-0 10. e5 Nd5 11. a3 c5 12. c4 Nc7 13. Ne4 Bxe4 14. Rxe4 f5 15. exf6 Nxf6 16. Re1 Qxd1 17. Rxd1 Rad8 18. Bf4 Nfe8 19. Rxd8 Bxd8 20. Rd1 Bf6 21. b3 h6 22. h4 Rf7 23. Ne5 Bxe5 24. Bxe5 Nf6 25. Bh3 Kf8 26. Rd8+ Nfe8 27. Bd6+ Kg8 28. Bxe6 1-0

[Event "Nizhnij Novgorod Dubinin Memorial 19th"]
[Site "Nizhnij Novgorod"]
[Date "2012.01.??"]
[Round "7"]
[White "Baryshnikova, Natalija"]
[Black "Golovanov, Vjacheslav"]
[Result "1/2-1/2"]
[WhiteElo "1722"]
[BlackElo "1872"]
[PlyCount "40"]
[EventDate "2012.01.??"]
[EventType "swiss"]
[EventRounds "9"]
[EventCountry "RUS"]
[SourceTitle "EXT 2015"]
[Source "ChessBase"]
[SourceDate "2014.11.20"]
[SourceVersion "1"]
[SourceVersionDate "2014.11.20"]
[SourceQuality "1"]

1. d4 d5 2. c4 c6 3. cxd5 cxd5 4. Bf4 Nc6 5. Nc3 e6 6. e3 a6 7. Bd3 Bd6 8. Bg3 f5 9. Nf3 Nf6 10. 0-0 Bxg3 11. hxg3 0-0 12. Rc1 Bd7 13. Ne2 Rc8 14. a3 Qe7 15. Qd2 Ne4 16. Qd1 b5 17. b4 g5 18. Bxe4 fxe4 19. Nd2 Qd6 20. Nb3 Ne7 1/2-1/2